000 00363nam a2200157 i 4500
001 bg
100 1 _aBRONSTEN, V. A.
245 0 _aSerebristye oblaka /
_cN.A. Bronsten, N.J. Grisin.
260 _aMoskva,
_c1970.
700 1 _aGRISIN, N. I.
040 _cBPK
041 _apol
080 _a525.7
942 _cKS
008 s pl f |000 0 pol
999 _c14012
_d14012
856 _uhttp://koha.tu.koszalin.pl/cgi-bin/koha/opac-detail.pl?biblionumber=14012
_yKatalog online BPK